Sesmá (notice nᵒ 11043)
[ vue normale ]
| 000 -Sello discográfico | |
|---|---|
| campo de control de longitud fija | 00736nam a2200241 4500 |
| 005 - Identificación de versión | |
| campo de control | 20251208134740.0 |
| 035 ## - Otros números de control del sistema | |
| Número de control del sistema | 10623 |
| 099 ## - fechas locales | |
| Tipo de ítem Koha | LIBRO |
| 100 ## - Datos de procesamiento general | |
| Datos de procesamiento general | 20040308d1989 m y1spay5003 ba |
| 101 ## - Idioma del recurso | |
| Idioma del texto, banda sonora, etc. | Italiano |
| 105 ## - Campo de datos codificados: Material textual, monográfico | |
| Datos codificados de monografía | a 001zy |
| 200 1# - Título y mención de responsabilidad | |
| Título propio | Sesmá |
| Designación general del material | texto impreso |
| Otra información del título | Canti e presagi |
| Primer mención de responsabilidad | Achile Bonito Oliva |
| 210 ## - Publicación, distribución, etc. | |
| Lugar de publicación, distribución, etc. | Milano |
| Nombre del editor, distribuidor, etc. | Arte Centro |
| Fecha de publicación, distribución, etc. | 1989 |
| 215 ## - Descripción física | |
| Designación de material específico y extensión del ítem | 7 h pleg |
| Otras características físicas | il. |
| Dimensiones | 32 cm |
| 345 ## - Nota de información de adquisición | |
| Fuente de adquisición/dirección de la suscripción [OBSOLETO] | Donación |
| 600 ## - Nombre personal usado como materia | |
| Elemento de entrada | Sesma |
| Parte del nombre distinta del elemento de entrada | Raymundo |
| Fechas | 1954- |
| Subdivisión temática | Catálogos |
| Número Koha | 17644 |
| 606 ## - Término temático usado como materia | |
| Elemento de entrada | Pintura |
| Subdivisión temática | Exposiciones |
| Número Koha | 8150 |
| 700 ## - Nombre personal - Responsabilidad primaria | |
| Elemento de entrada | Bonito Oliva |
| Parte del nombre distinta del elemento de entrada | Achille |
| Número Koha | 17645 |
| 801 #0 - Fuente de origen | |
| País | FR |
| Agencia | cm |
| Reglas de catalogación (convenciones descriptivas) | AFNOR |
| 942 ## - ELEMENTOS DE ENTRADA SECUNDARIOS (KOHA) | |
| Tipo de ítem Koha | Livre |
| Estatus retirado | Estado de daño | Estado de pérdida | Fuente de la clasificación o esquema de estantería | Fecha de adquisición | Biblioteca de origen | Biblioteca actual | Código de barras | Precio de reemplazo | Signatura topográfica completa | No para préstamo | Tipo de ítem Koha | Nota no pública |
|---|---|---|---|---|---|---|---|---|---|---|---|---|
| Clasificación Decimal Dewey | 08/12/2025 | Casa México Paris | Casa México Paris | 013004 | 08/12/2025 | F759.972 B715se | Livre | 751145101 |